000 00819nam a22002297a 4500
008 161007b xxu||||| |||| 00| 0 eng d
020 _a0397544537
050 _aRT 41
_b.M495 1986
100 _aPatrick, Maxine L.
245 _aMedical-surgical nursing :
_bpathophysiological concepts/
_cMaxine L. Patrick, Susan L. Woods, Ruth F. Craven, Joanne Schnaidt Rokosky and Pauline M. Bruno.
260 _aPhiladelphia :
_bJ. B. Lippincott Company ;
_cc1986.
300 _axxx, 1648p. :
_bill. ;
500 _aIncludes index.
650 _aNursing.
650 _aMedicine, clinical.
650 _aPhysiology, pathological.
700 _aWoods, Susan L.
700 _aCraven, Ruth F.
700 _aRokosky, Joanne Schnaidt
700 _aBruno, Pauline M.
942 _2lcc
_cBOOKS
_hRT 41 .M495 1986
999 _c14670
_d14670